Movies Quiz

Random Movies or Animation Quiz

Don Bluth Movies (Slideshow) Quiz Stats

Quiz not verified by Sporcle

Challenge
Share
Tweet
Score 0/13 Timer 04:00
0 Plays Today
% Correct
An American Tail
91.6%
All Dogs Go to Heaven
84.2%
The Land Before Time
77.9%
The Secret of NIMH
71.6%
Anastasia
70.5%
Thumbelina
64.2%
A Troll in Central Park
53.7%
Titan A.E.
51.6%
Rock-a-Doodle
50.5%
The Pebble and the Penguin
49.5%
Bartok the Magnificent
36.8%
The Small One
28.4%
Banjo the Woodpile Cat
18.9%

You're not logged in!

Compare scores with friends on all Sporcle quizzes.
Sign Up with Email
OR
Log In

You Might Also Like...

Show Comments

Extras

Top Quizzes Today


Score Distribution

Your Account Isn't Verified!

In order to create a playlist on Sporcle, you need to verify the email address you used during registration. Go to your Sporcle Settings to finish the process.